000 00241nam a22000857a 4500
008 240516b ||||| |||| 00| 0 eng d
100 _aRobert A Siegel
245 _aThe Keith J. Steiner Collection of Hawaiian Numerals
650 _aHawaiian Numerals
999 _c3598
_d3598